000
00322nam a2200133Ia 4500
008
191201s2006 xx 000 0 und d
100
_a
SLATER, Robert
245
0
_a
Jack Welch and the G E way I
250
_a
4th
260
_a
N.Delhi
_b
Tata Mc Graw Hill
_c
2006
300
_a
328
650
_a
B.Tech(IT)
942
_2
ddc
_c
BK
999
_c
3064
_d
3064